Cestami budúcnosti - Čo nás čaká v doprave o niekoľko rokov?
Očami budúcnosti vidíme - Lietadlá: rýchlejšie, lacnejšie, supersonické, lietajúce viacnásobne vyššou rýchlosťou ako je rýchlosť zvuku, Lode: voda ich brzdí, ale aj nadnáša, peto je lodná doprava vhodná na prepravu ťažkého nákladu, Autá: zabudnite na volant a na vodiča, Vlaky: vznášanie sa časoprie...
Salvato in:
| Natura: | Capitolo di libro |
|---|---|
| Lingua: | slovacco |
| Soggetti: | |
| Tags: |
Nessun Tag, puoi essere il primo ad aggiungerne!!
|
MARC
| LEADER | 00000naa a2200000 4500 | ||
|---|---|---|---|
| 001 | 0269417 | ||
| 005 | 20201022111127.2 | ||
| 041 | 0 | |a slo | |
| 044 | |a SK | ||
| 245 | 1 | 0 | |a Cestami budúcnosti - Čo nás čaká v doprave o niekoľko rokov? |
| 520 | |a Očami budúcnosti vidíme - Lietadlá: rýchlejšie, lacnejšie, supersonické, lietajúce viacnásobne vyššou rýchlosťou ako je rýchlosť zvuku, Lode: voda ich brzdí, ale aj nadnáša, peto je lodná doprava vhodná na prepravu ťažkého nákladu, Autá: zabudnite na volant a na vodiča, Vlaky: vznášanie sa časopriestorom s pomocou vlakov bez kolies. | ||
| 610 | 2 | 0 | |a doprava |
| 610 | 2 | 0 | |a vývoj |
| 610 | 2 | 0 | |a prognózy |